000 00644nam a2200241Ia 4500
003 OSt
005 20220928115707.0
006 a|||||r|||| 00| 0
007 ta
008 220927b |||||||| |||| 00| 0 eng d
024 _a50547
037 _cTextual
040 _aSDCL
_cSDCL
_beng
041 _2eng
_aeng
082 _aR3xL24, L8
100 _aBroad C D
_9410966
245 0 _aKant
_bAn introduction.
260 _aLondon
_bCambridge University Press
_c1978
300 _axi,319p.
_ccm.
700 _a Lewy C Ed.
_9445609
942 _hR3xL24, L8
_cTEXL
_2CC
999 _c760522
_d760522